Ultra Beasts - Statistics

General Stats
  • This quiz has been taken 37 times
  • The average score is 10 of 11
Answer Stats
Picture Answer % Correct
Blacephalon
100%
Buzzwole
100%
Guzzlord
96%
Kartana
93%
Stakataka
93%
Nihilego
89%
Xurkitree
89%
Celesteela
86%
Poipole
86%
Naganadel
82%
Pheromosa
79%
No matching quizzes found
Score Distribution
Percent of People with Each Score
Percentile by Number Answered
Your Score History
You have not taken this quiz